| 000 | 02358nam a22003377a 4500 | ||
|---|---|---|---|
| 001 | 42835 | ||
| 003 | gtgccic | ||
| 005 | 20251021155616.0 | ||
| 007 | ta | ||
| 008 | 251021b gt ||||| |||| 00| 0 spa d | ||
| 040 |
_agtgccic _bspa _cgtgccic _erda |
||
| 084 | _0TPI-15-0073 | ||
| 100 | 1 | 0 |
_aJosé Rodolfo Herrera Noriega _dIngeniero Civil _eautor |
| 245 | 1 | 0 |
_aAnálisis de agregados gruesos para la fabricación de pavimentos rígidos, _ben el departamento de Quetzaltenango / _cHerrera Noriega, José Rodolfo |
| 264 | 1 |
_aGuatemala, Guatemala : _bUSAC, Facultad de Ingeniería ; _c2015.- |
|
| 300 |
_axxxii, 59 p. : _bil. ; _c27 cm |
||
| 336 |
_2rdacontenido _aTexto _btxt |
||
| 337 |
_2rdamedio _asin mediación _bn |
||
| 338 |
_2rdasoporte _avolumen _bnc |
||
| 502 |
_aTesis Postgrado _bMAESTRO EN ARTES INGENIERÍA VIAL _cUSAC, Facultad de Ingeniería, Escuela de Postgrado _d2015 _oTPI-15-0073 |
||
| 504 | _aBibliografía pag. 55 | ||
| 505 | _t1. RESEÑA HISTÓRICA Y GENERALIDADES DE LOS AGREGADOS GRUESOS | ||
| 505 | _t2. PROCESO DE FABRICACIÓN DE LOS AGREGADOS GRUESOS DESDE LA CANTERA HASTA EL PUNTO DE VENTA, EN EL DEPARTAMENTO DE QUETZALTENANGO | ||
| 505 | _t3. PRESENTACIÓN DE RESULTADOS | ||
| 505 | _t4. DISCUSIÓN DE RESULTADOS | ||
| 520 | 3 | _aSe analizaron cinco tipos de agregados gruesos producidos en la cabecera departamental de Quetzaltenango (piedrín negro, azul, rosado, de río y base triturada) con la finalidad de conocer las propiedades de cada uno de ellos y determinar cuáles cumplen con las especificaciones de la Dirección General de Caminos -DGC- para uso en pavimentos de concreto hidráulico. Mediante los análisis realizados a los agregados gruesos se pudo determinar que únicamente dos de ellos (piedrín negro y azul), cumplen con todas las especificaciones que exige de la DGC, por lo que se recomienda utilizarlos en concretos para pavimentos, una de las características importantes que resalta en este tipo de agregados es su resistencia a la abrasión (ensayo de la máquina de los Ángeles) presentando un bajo desgaste de sus partículas que favorece el incremento de la resistencia estructural de un pavimento, estas pruebas se realizaron en las instalaciones de la empresa OCCIMIX. | |
| 650 | _aPAVIMENTOS | ||
| 700 |
_aMsC. Damaris Nohemí Monzón _easesor |
||
| 942 |
_2ddc _cTPS |
||
| 945 | _aamlo | ||
| 999 |
_c2370 _d2370 |
||